Statistics for Name The Top 10 Militarys

Click here to take the quiz!

General Stats

  • This quiz has been taken 25 times
  • The average score is 7 of 10

Answer Stats

HintAnswer% Correct
4Russia
100%
3China
96%
1United States
96%
2North Korea
83%
9South Korea
83%
5Germany
74%
6Iran
57%
10Pakistan
52%
7Egypt
35%
8Vietnam
17%

Score Distribution

Percentile by Number Answered

Percent of People with Each Score

Your Score History

You have not taken this quiz